Top 100 Footballers Ever - Statistics

General Stats
  • This quiz has been taken 1,914 times
  • The average score is 31 of 100
Answer Stats
Rank: Nation: Player: % Correct
2 Argentina Lionel Messi
99%
10 Brazil Ronaldo
98%
1 Argentina Diego Maradona
97%
3 Brazil Pelé
96%
4 Netherlands Johan Cruyff
86%
5 Portugal Cristiano Ronaldo
81%
8 France Zinedine Zidane
79%
9 Hungary Ferenc Puskás
74%
17 Germany Gerd Müller
72%
24 Brazil Ronaldinho
71%
14 Northern Ireland George Best
69%
20 Italy Paolo Maldini
67%
23 Portugal Eusébio
66%
7 Germany Franz Beckenbauer
66%
80 France Thierry Henry
64%
13 Netherlands Marco van Basten
60%
35 Spain Luis Suárez
59%
22 USSR Lev Yashin
57%
59 Spain Andrés Iniesta
56%
97 Brazil Neymar
56%
50 Spain Xavi
56%
79 Italy Luigi Riva
55%
12 France Michel Platini
55%
90 Brazil Roberto Carlos
55%
37 Netherlands Ruud Gullit
55%
6 Argentina Alfredo Di Stéfano
54%
41 Italy Gianluigi Buffon
54%
94 Sweden Zlatan Ibrahimović
50%
19 England Bobby Charlton
47%
11 Brazil Garrincha
45%
83 Wales Ryan Giggs
44%
75 Brazil Cafu
43%
52 Italy Roberto Baggio
43%
15 Italy Franco Baresi
42%
27 England Bobby Moore
40%
21 Brazil Romário
40%
100 Romania Gheorghe Hagi
39%
48 Denmark Michael Laudrup
39%
16 Brazil Zico
39%
40 Scotland Kenny Dalglish
33%
61 Denmark Peter Schmeichel
33%
28 Brazil Sócrates
33%
30 Germany Lothar Matthäus
32%
89 Bulgaria Hristo Stoichkov
31%
86 Argentina Gabriel Batistuta
27%
82 Mexico Hugo Sánchez
27%
32 Italy Paolo Rossi
27%
77 Netherlands Frank Rijkaard
26%
69 Netherlands Dennis Bergkamp
25%
93 Germany Philipp Lahm
24%
87 Argentina Javier Zanetti
23%
55 Italy Dino Zoff
22%
67 Hungary Flórián Albert
22%
25 Brazi Carlos Alberto
21%
98 Argentina Mario Kempes
21%
51 Brazil Jairzinho
19%
76 Scotland Denis Law
16%
18 Italy Giuseppe Meazza
16%
57 Germany Karl-Heinz Rummenigge
16%
63 England Gordon Banks
15%
78 France Just Fontaine
15%
29 France Raymond Kopa
14%
60 England Kevin Keegan
13%
34 England Stanley Matthews
13%
38 Italy Gianni Rivera
12%
44 Brazil Didi
11%
92 Hungary Sándor Kocsis
11%
36 Spain Francisco Gento
10%
64 Netherlands Johan Neeskens
10%
56 Argentina Daniel Passarella
9%
54 Sweden Gunnar Nordahl
7%
71 Wales John Charles
7%
74 Czechoslovakia Josef Masopust
7%
45 Ukraine Oleg Blokhin
7%
68 Italy Sandro Mazzola
7%
66 Peru Teófilo Cubillas
7%
26 Italy Valentino Mazzola
7%
84 Italy Giacinto Facchetti
6%
73 Argentina Omar Sívori
6%
70 Germany Paul Breitner
6%
47 Brazil Rivellino
6%
91 Germany Sepp Maier
6%
88 Denmark Allan Simonsen
5%
53 Italy Gaetano Scirea
5%
85 Germany Uwe Seeler
5%
95 Brazil Djalma Santos
4%
43 Germany Fritz Walter
4%
33 Germany Günter Netzer
4%
46 Uruguay Juan Schiaffino
4%
42 Austria Matthias Sindelar
4%
49 Brazil Nílton Santos
4%
62 England Dixie Dean
3%
72 Uruguay José Andrade
3%
31 Argentina Juan Moreno
3%
39 Hungary Nándor Hidegkuti
3%
81 Yugoslavia Dragan Džajić
2%
65 Scotland Jimmy Johnstone
2%
96 Uruguay Obdulio Varela
2%
58 Argentina Adolfo Pedernera
1%
99 Portugal Mário Coluna
1%
No matching quizzes found
Score Distribution
Percent of People with Each Score
Percentile by Number Answered
Your Score History
You have not taken this quiz